Manejo de tejidos : (Registro nro. 23464)

Detalles MARC
000 -LEADER
fixed length control field 02387nam a2200349 4500
001 - CONTROL NUMBER
control field 0000021100
003 - CONTROL NUMBER IDENTIFIER
control field CO-CtgCURN
005 - DATE AND TIME OF LATEST TRANSACTION
control field 20250331185229.0
007 - PHYSICAL DESCRIPTION FIXED FIELD--GENERAL INFORMATION
fixed length control field ta
008 - FIXED-LENGTH DATA ELEMENTS--GENERAL INFORMATION
fixed length control field 160627s2012 000 0 eng d
020 ## - INTERNATIONAL STANDARD BOOK NUMBER
International Standard Book Number 9788527721158
040 ## - CATALOGING SOURCE
Original cataloging agency CO-CtgCURN
Language of cataloging spa
Transcribing agency coctgcurn
082 0# - DEWEY DECIMAL CLASSIFICATION NUMBER
Classification number 617.692
Item number O91
100 1# - MAIN ENTRY--PERSONAL NAME
Personal name Ottoni, Judith María Pinheiro.
245 10 - TITLE STATEMENT
Title Manejo de tejidos :
Remainder of title posibilidades y realidad /
Statement of responsibility, etc. Judith María Pinheiro Ottoni , traductor, Marina Beatriz González , revisor, Facundo Caride , ilustrador, Daniel GuimarÆes.
260 ## - PUBLICATION, DISTRIBUTION, ETC.
Place of publication, distribution, etc. Rio de Janeiro :
Name of publisher, distributor, etc. Guanabara Koogan,
Date of publication, distribution, etc. 2012.
300 ## - PHYSICAL DESCRIPTION
Extent 613 p.
336 ## - CONTENT TYPE
Source rdacontent
337 ## - MEDIA TYPE
Source rdamedia
Media type term sin mediacion
Media type code n
338 ## - CARRIER TYPE
Source rdacarrier
Carrier type term volumen
Carrier type code nc
500 ## - GENERAL NOTE
General note Incluye indice y apendice.
504 ## - BIBLIOGRAPHY, ETC. NOTE
Bibliography, etc. note Incluye bibliografia al final de cada capitulo.
505 8# - FORMATTED CONTENTS NOTE
Formatted contents note Interfaz diente, implante y los tejidos circundantes -- Evaluacion estetica -- Recesion de los tejidos marginales -- Principios quirurgicos -- Instrumental quirurgico -- Cirugias periodontales basicas -- Selección de la zona dadora y remocion del injerto -- Aumento de tejido queratinizado / injerto de tejido palatino libre e injerto gingival libre -- Recubrimiento radicular con injertos pediculados -- Recubrimiento radicular con utilizacion de injerto de tejido de tejido conectivo e injertos alogenos -- Sonrisa gingival -- Tecnicas quirurgicas para preservacion y reconstrucción del reborde oseo alveolar -- Análisis y enfoque integrado de las alteraciones gingivales en areas esteticas -- Consideraciones quirurgicas para la orientacion ideal de los implantes en la region anterior de la maxila -- Tecnicas para el manejo de los tejidos blandos -- Exodoncias e instalacion inmediata de implantes dentales -- Protocolos de carga: convencional, temprana e inmediata -- Oclusion en protesis sobre implantes -- Tendencias tecnologicas para optimizar la estetica de los implantes oseointegrados
534 ## - ORIGINAL VERSION NOTE
Main entry of original Manipula Æo tecidual: possibilidades e realidade.
650 14 - SUBJECT ADDED ENTRY--TOPICAL TERM
Topical term or geographic name entry element Implantes dentales.
700 1# - ADDED ENTRY--PERSONAL NAME
Personal name González, Marina Beatriz, traductor.
908 ## - PUT COMMAND PARAMETER (RLIN)
Put command parameter 160627
942 ## - ADDED ENTRY ELEMENTS (KOHA)
Koha item type Libros
Classification part 617.692
Item part O91
Source of classification or shelving scheme Dewey Decimal Classification
Existencias
Withdrawn status Lost status Source of classification or shelving scheme Damaged status Not for loan Collection Home library Current library Shelving location Date acquired Inventory number Total checkouts Full call number Barcode Date last seen Copy number Price effective from Koha item type Public note
    Dewey Decimal Classification     General Miguel Henríquez Emiliani Miguel Henríquez Emiliani General 03/31/2025 017692   617.692 O91 017692 03/31/2025 ej.1 03/31/2025 Libros 610-CIENME
    Dewey Decimal Classification     General Miguel Henríquez Emiliani Miguel Henríquez Emiliani General 03/31/2025 017693   617.692 O91 017693 03/31/2025 ej.2 03/31/2025 Libros 610-CIENME
    Dewey Decimal Classification     General Miguel Henríquez Emiliani Miguel Henríquez Emiliani General 03/31/2025 017694   617.692 O91 017694 03/31/2025 ej.3 03/31/2025 Libros 610-CIENME